Флагове на държави, които започват с Т - Statistics

General Stats
  • This quiz has been taken 54 times
  • The average score is 10 of 11
Answer Stats
Picture Answer % Correct
Турция
100%
Тунис
96%
Туркменистан
92%
Тайланд
90%
Тринидад и Тобаго
88%
Того
86%
Танзания
82%
Тайван
82%
Таджикистан
82%
Тувалу
80%
Тонга
78%
No matching quizzes found
Score Distribution
Percent of People with Each Score
Percentile by Number Answered
Your Score History
You have not taken this quiz